México exporta (Record no. 8074)

MARC details
000 -CABECERA
campo de control de longitud fija 01353nam a2200265 a 4500
001 - NÚMERO DE CONTROL
campo de control BRCA_8406
005 - FECHA Y HORA DE LA ÚLTIMA TRANSACCIÓN
campo de control 20190320210251.0
008 - DATOS DE LONGITUD FIJA--INFORMACIÓN GENERAL
campo de control de longitud fija 070415s2013----mx-a######---#000-0#spa-#
020 ## - NÚMERO INTERNACIONAL ESTÁNDAR DEL LIBRO
Número Internacional Estándar del Libro 9786079255084
041 ## - CÓDIGO DE LENGUA
Código de lengua del texto/banda sonora o título independiente spa
Código de lengua original eng
050 #4 - SIGNATURA TOPOGRÁFICA DE LA BIBLIOTECA DEL CONGRESO
Número de clasificación HE6183.E97
Número de documento/Ítem .M49 2013
245 10 - MENCIÓN DE TÍTULO
Título México exporta
Resto del título 1975-1993 : diseño postal y comercio internacional
Mención de responsabilidad, etc. coordinación del catálogo, Jimena Acosta y Emiliano Godoy ; textos, Jimena Acosta ... [et al.] ; traducción, Alistair McCreadie.
260 ## - PUBLICACIÓN, DISTRIBUCIÓN, ETC.
Lugar de publicación, distribución, etc. Oaxaca, Oax., México
Nombre del editor, distribuidor, etc. Museo de Filatelia de Oaxaca : Dirección General de Promoción Cultural
Fecha de publicación, distribución, etc. 2013
300 ## - DESCRIPCIÓN FÍSICA
Extensión 217 p.
Otras características físicas il. (algunas a color)
Dimensiones 24 cm.
500 ## - NOTA GENERAL
Nota general Catálogo de la exposición realizada en el Museo de Filatelia de Oaxaca, México, 15 nov., 2013-20 enero, 2014
500 ## - NOTA GENERAL
Nota general Un proyecto del Museo de Filatelia de Oaxaca, MUFI en conjunto con el Centro de Diseño de Oaxaca, en coordinación con el Taller de Impresión de Estampillas y Valores
546 ## - NOTA DE LENGUA/LENGUAJE
Nota de lengua/lenguaje Texto en : español e inglés
650 14 - PUNTO DE ACCESO ADICIONAL DE MATERIA--TÉRMINO DE MATERIA
Término de materia o nombre geográfico como elemento de entrada Exportación de sellos postales
Subdivisión de forma Exposiciones
9 (RLIN) 21048
650 14 - PUNTO DE ACCESO ADICIONAL DE MATERIA--TÉRMINO DE MATERIA
Término de materia o nombre geográfico como elemento de entrada Sellos postales
Subdivisión de forma Exposiciones
Subdivisión geográfica México
9 (RLIN) 21049
651 #4 - PUNTO DE ACCESO ADICIONAL DE MATERIA--NOMBRE GEOGRÁFICO
Nombre geográfico México
Subdivisión de forma Exposiciones
Subdivisión general Comercio - En los sellos postales
9 (RLIN) 21050
700 1# - PUNTO DE ACCESO ADICIONAL--NOMBRE DE PERSONA
Nombre de persona Acosta, Jimena
9 (RLIN) 21051
700 1# - PUNTO DE ACCESO ADICIONAL--NOMBRE DE PERSONA
Nombre de persona Godoy, Emiliano
9 (RLIN) 21052
700 1# - PUNTO DE ACCESO ADICIONAL--NOMBRE DE PERSONA
Nombre de persona McCreadie, Alistair
9 (RLIN) 21053
942 ## - ELEMENTOS DE PUNTO DE ACCESO ADICIONAL (KOHA)
Fuente del sistema de clasificación o colocación Library of Congress Classification
Tipo de ítem Koha Libros
Holdings
Estado de retiro Estado de pérdida Estado dañado No para préstamo Localización permanente Ubicación/localización actual Fecha de adquisición Total de préstamos Signatura topográfica completa Código de barras Fecha visto por última vez Precio válido a partir de Tipo de ítem Koha
El ejemplar forma parte de la colección y puede ser consultado según las políticas vigentes.       Biblioteca del Museo Franz Mayer (Rogerio Casas-Alatriste) Biblioteca del Museo Franz Mayer (Rogerio Casas-Alatriste) 30/03/2015   HE6183.E97 .M49 2013 02865 22/03/2019 22/03/2019 Libros